000 00962nac a22003730a 4500
001 PT19695
003 AR-LpoUNG
005 20210201005101.0
008 201001ss.f.||||sp |||||||||||||||||spa d
020 _a8475839061
_c$6.66
040 _aAR-LpoUNG
_bspa
_eaacr
041 _aspa
044 _asp
082 0 _aR900 766v42
100 1 _aSwamson, Earl H.
245 1 0 _aAmérica antigua
260 _aBarcelona :
_bFolio,
_cs.f..
300 _a170 p. :
_bil.
_a([42]
_fVolúmenes)
_3Impreso
490 0 _aOrígenes del hombre
520 _aNorteamérica; Mesoamérica; Sudamérica.
650 4 _aAMERICA LATINA
650 4 _aCULTURA
650 4 _aENCICLOPEDIA
650 4 _aPOBLACION INDIGENA
650 4 _aSOCIEDAD
651 4 _aDOCUMENTOS TEORICOS O METODOLOGICOS
653 _aMACHU PICHU
653 _aMAES
653 _aTEOTIHUACAN
700 1 _aBray, Warwick
700 1 _aFarrington, Ian
905 _a19695
942 _cLSALA
999 _c48386
_d48386